| 000 | 00474nam a22001937a 4500 | ||
|---|---|---|---|
| 005 | 20260602120406.0 | ||
| 010 | _aENG-148688 | ||
| 020 |
_a9789395485968 _c195.00 |
||
| 035 | _aEN-132220 | ||
| 037 | _bDBAD | ||
| 082 | _aS | ||
| 100 |
_aMathews, VJ _989256 |
||
| 245 |
_aRemorse/ _cVJ Mathews |
||
| 250 | _a1 | ||
| 260 |
_aKerala _bCosmo Books _c2025 |
||
| 270 |
_bKerala _mcosmobooks@asianetindia.com |
||
| 300 |
_a118p. _bIndex _c22cm(pb) |
||
| 942 |
_2ddc _cEN _hS _mMAT |
||
| 999 |
_c216452 _d216452 |
||